I Can't Have You Around Me Anymore - Renee Rapp (All Lyrics) - Statistics

General Stats
  • This quiz has been taken 45 times
  • The average score is 200 of 224
Answer Stats
Lyrics % Correct
a
100%
around
100%
I
100%
me
100%
me,
100%
you,
100%
you
100%
and
96%
And
96%
anymore
96%
can't
96%
do
96%
ever
96%
get
96%
have
96%
that
96%
the
96%
We
96%
we
96%
when
96%
you're
96%
always
93%
be,
93%
be
93%
but
93%
But
93%
every
93%
it
93%
of
93%
on
93%
she
93%
She
93%
So
93%
Tell
93%
to
93%
too
93%
where
93%
don't
89%
dumb
89%
funny
89%
good
89%
if
89%
I'll
89%
in
89%
It's
89%
it's
89%
keep
89%
leave
89%
little
89%
my
89%
myself
89%
not
89%
off
89%
one
89%
own
89%
party
89%
shit
89%
wanna,
89%
wanna
89%
we're
89%
you'll
89%
at
85%
close
85%
didn't
85%
door
85%
end
85%
everybody
85%
feel
85%
feels
85%
fight
85%
got
85%
happens,
85%
her
85%
home
85%
I'm
85%
isn't
85%
issue,
85%
know
85%
look
85%
naked
85%
never
85%
Nothing
85%
only
85%
picture,
85%
piss
85%
real
85%
reason
85%
root
85%
should
85%
up
85%
wants
85%
well
85%
wish
85%
with
85%
yours
85%
allowed
81%
baby
81%
'Cause
81%
causing
81%
choose,
81%
gonna
81%
issues
81%
lots
81%
love
81%
places
81%
problem
81%
see
81%
she'll
81%
side
81%
single
81%
Somehow,
81%
still
81%
taking
81%
went
81%
who's
81%
wonder
81%
hard
78%
hates
78%
keeps
78%
making
78%
probably
78%
someone
78%
stop
78%
supposed
78%
There's
78%
this
78%
unsure
78%
why
78%
course
74%
Now
67%
(Ah)
56%
ah)
56%
(Mhm,
22%
No matching quizzes found
Score Distribution
Percent of People with Each Score
Percentile by Number Answered
Your Score History
You have not taken this quiz